000 00459nam a2200157 i 4500
001 44452
003 ES-MaACL
005 20230906161032.0
007 t|
008 030321s1867 fr ||||1| fre d
100 1 _aClément, Jules.
_939183
245 1 3 _aLe nouveau secretaire /
_ctraite general de la correspondance par Jules Clément.
260 _a[Lagny :
_b[s.n.,
_c1867] (
_fImp. A. Varigault)
300 _a536 p. ;
_c18 cm.
852 _aES-MaACL
_jD-830
999 _c44452
_d44452